Who Could It Be? - Game 11 Quiz Stats

 Plays Quiz not verified by Sporcle

Challenge
Share
Tweet
Score 0/8 Timer 05:00
0 Plays Today
% Correct
Trombone
95.6%
Color
88.9%
New England
86.7%
Gordon Ramsay
80%
Boston Red Sox
66.7%
Hangman
66.7%
michaeljgarman10
42.2%
Newport, Rhode Island
17.8%

You're not logged in!

Compare scores with friends on all Sporcle quizzes.
OR
Log In

You Might Also Like...

Show Comments

Extras

Created Aug 31, 2016ReportNominate
Tags:mystery, user

Top Quizzes Today


Score Distribution

Your Account Isn't Verified!

In order to create a playlist on Sporcle, you need to verify the email address you used during registration. Go to your Sporcle Settings to finish the process.

Report this User

Report this user for behavior that violates our Community Guidelines.

Details: